00342nam a22001217a 4500008004100000041000800041082001700049100001900066245002800085260004400113300001100157650005200168211228b ||||| |||| 00| 0 eng d0 aeng00a351.5bM9927 aMuthuswamy, P.10aMaster guide to FR & SR aNew Delhi :bSwamy Publications,c1992. a372 p. 0aPublic Administration - IndiaxFinancial Rules